К методике оценки и геологической интерпретации анизотропии физических полей; Известия Томского политехнического университета [Известия ТПУ]; Т. 320, № 1 : Науки о Земле

Detalhes bibliográficos
Parent link:Известия Томского политехнического университета [Известия ТПУ]/ Томский политехнический университет (ТПУ).— , 2000-
Т. 320, № 1 : Науки о Земле.— 2012.— [С. 87-91]
Autor principal: Ерофеева Г. В. Галина Васильевна
Outros Autores: Ерофеев Л. Я. Леонид Яковлевич
Resumo:Заглавие с титульного листа
Электронная версия печатной публикации
Анализируются возможности процедур оценки анизотропии физических полей, изучаемых в разведочной геофизике. Предлагается новая методика определения анизотропии поля для аномалий второго и более мелкого порядков, на конкретном примере магнитного поля показывается ее эффективность.
Idioma:russo
Publicado em: 2012
coleção:Геофизика
Assuntos:
Acesso em linha:http://earchive.tpu.ru/bitstream/11683/4079/1/bulletin_tpu-2012-320-1-13.pdf
Formato: MixedMaterials Recurso Eletrônico Capítulo de Livro
KOHA link:https://koha.lib.tpu.ru/cgi-bin/koha/opac-detail.pl?biblionumber=211509

MARC

LEADER 00000nla2a2200000 4500
001 211509
005 20240219144215.0
035 |a (RuTPU)RU\TPU\book\231055 
035 |a RU\TPU\book\231038 
090 |a 211509 
100 |a 20120314d2012 k y0rusy50 ca 
101 0 |a rus 
102 |a RU 
135 |a drnn ---uucaa 
181 0 |a i  
182 0 |a b 
200 1 |a К методике оценки и геологической интерпретации анизотропии физических полей  |f Г. В. Ерофеева, Л. Я. Ерофеев 
203 |a Текст  |c электронный 
215 |a 1 файл (1.1 Мб) 
225 1 |a Геофизика 
300 |a Заглавие с титульного листа 
300 |a Электронная версия печатной публикации 
320 |a [Библиогр.: с. 91 (12 назв.)] 
330 |a Анализируются возможности процедур оценки анизотропии физических полей, изучаемых в разведочной геофизике. Предлагается новая методика определения анизотропии поля для аномалий второго и более мелкого порядков, на конкретном примере магнитного поля показывается ее эффективность. 
337 |a Adobe Reader 
461 1 |0 (RuTPU)RU\TPU\book\176237  |t Известия Томского политехнического университета [Известия ТПУ]  |f Томский политехнический университет (ТПУ)  |d 2000- 
463 1 |0 (RuTPU)RU\TPU\book\230759  |x 1684-8519  |t Т. 320, № 1 : Науки о Земле  |v [С. 87-91]  |d 2012  |p 225 с. 
610 1 |a магнитное поле 
610 1 |a анизотропия 
610 1 |a оценка 
610 1 |a геологическая интерпретация 
610 1 |a физические поля 
610 1 |a труды учёных ТПУ 
610 1 |a электронный ресурс 
610 1 |a методика 
700 1 |a Ерофеева  |b Г. В.  |c физик  |c профессор Томского политехнического университета, доктор педагогических наук  |f 1938-  |g Галина Васильевна  |3 (RuTPU)RU\TPU\pers\25191  |9 11271 
701 1 |a Ерофеев  |b Л. Я.  |c геолог, геофизик  |c профессор Томского политехнического университета, доктор геолого-минералогических наук  |f 1935-  |g Леонид Яковлевич  |3 (RuTPU)RU\TPU\pers\15850 
801 1 |a RU  |b 63413507  |c 20090623  |g PSBO 
801 2 |a RU  |b 63413507  |c 20211229  |g PSBO 
856 4 |u http://earchive.tpu.ru/bitstream/11683/4079/1/bulletin_tpu-2012-320-1-13.pdf 
942 |c CF